James /

James - román oceněný Pulitzerovou cenou - je specifickým převyprávěním slavného příběhu Marka Twaina Dobrodružství Huckleberryho Fina.

Uloženo v:
Hlavní autor: Everett, Percival, 1956- (Autor)
Další autoři: Hanuš, Jiří, 1949- (Autor)
Médium: Kniha
Jazyk:Czech
Vydáno: Praha : Odeon, 2026
Vydání:Vydání první
Edice:Světová knihovna
Témata:
Celkem bylo vypůjčeno:0x
Tagy:
Žádné tagy
LEADER 02164nam a2200445 i 4500
001 106441
003 CZ PrNK
005 20260602123158.0
007 ta
008 260526s2026 xr g 000 f cze
015 |a cnb003677099 
020 |a 9788020723093  |q (vázáno) 
040 |a ABG001  |b cze  |e rda 
041 1 |a cze  |h eng 
072 7 |a 821.111(73)-3  |x Americká próza  |2 Konspekt  |9 25 
080 |a 821.111(73)-31  |2 MRF 
080 |a (0:82-311.6)  |2 MRF 
100 1 |a Everett, Percival,  |d 1956-  |7 mub2011631280  |4 aut  |9 117401 
240 1 0 |a James.  |l Česky 
245 1 0 |a James /  |c Percival Everett ; přeložil Jiří Hanuš 
250 |a Vydání první 
264 1 |a Praha :  |b Odeon,  |c 2026 
300 |a 316 stran ;  |c 21 cm 
336 |a text  |b txt  |2 rdacontent 
337 |a bez média  |b n  |2 rdamedia 
338 |a svazek  |b nc  |2 rdacarrier 
490 1 |a Světová knihovna ;  |v svazek 297 
500 |a Přeloženo z angličtiny 
520 2 |a James - román oceněný Pulitzerovou cenou - je specifickým převyprávěním slavného příběhu Marka Twaina Dobrodružství Huckleberryho Fina.  |b Hlavním hrdinou je však černošský otrok Jim a spolu s ním chlapec Huck. Oba se shodou okolností ocitají na útěku: Jim proto, že má být prodán, Huck zase využije příležitosti a chystá se opustit svého tyranského otce. Použije prasečí krev, aby to vypadalo, že ho někdo zabil. Nedochází mu, že jeho zmizení může být připisováno právě Jimovi. Tak začíná nebezpečná a nepředvídatelná cesta na voru po řece Mississippi k vytoužené svobodě. Nakladatelská anotace. 
655 7 |a americké romány  |7 fd131796  |2 czenas  |9 53403 
655 7 |a historické romány  |7 fd132414  |2 czenas  |9 53624 
655 9 |a American fiction  |2 eczenas 
655 9 |a historical novels  |2 eczenas 
700 1 |a Hanuš, Jiří,  |d 1949-  |7 jk01033475  |4 trl  |9 4804 
710 2 |a Odeon (nakladatelství)  |7 ko2004245920  |4 pbl  |9 117313 
830 0 |a Světová knihovna 
910 |a UOG502 
942 |2 ddc  |c KN 
999 |d 106441 
993 |0 0  |1 421180107155  |2 ddc  |4 0  |7 0  |9 99868  |b 0  |c 107155  |d 2026-06-02  |e 0  |f DOSP  |h 449.00  |i Koupě  |l DOSP  |r 2026-06-02  |t 6  |w 2026-06-02  |y KN  |z BELET  |n